| 000 | 00425cam a2200181ua 4500 | ||
|---|---|---|---|
| 020 | _c0.37 | ||
| 041 |
_ahin _h |
||
| 082 |
_a891.54 _bADH/SA |
||
| 100 | _aAdhikari, . | ||
| 245 |
_aSardar Patel / _cAdhikari. _hTextual Documents |
||
| 250 |
_a1 / _b. |
||
| 260 |
_aVaranasi : _bHindi Pracharak Pusthakalayam , _c1965. |
||
| 300 | _a46 ; . | ||
| 365 | _a0.37 | ||
| 504 | _a | ||
| 942 | _cBK | ||
| 999 |
_c3779 _d3779 |
||